The philosophy of history as the play of the historic reason

Elmentve itt :
Bibliográfiai részletek
Szerző: Garaczi Imre
Testületi szerző: Európai integráció - európai filozófia (1998) (Szeged)
Dokumentumtípus: Könyv része
Megjelent: 1999
Sorozat:Ész, élet, egzisztencia
Európai integráció - európai filozófia : [nemzetközi konferencia, Szeged, 1998 szept. 17-18.]
Kulcsszavak:Történetfilozófia
Tárgyszavak:
Online Access:http://acta.bibl.u-szeged.hu/9501
LEADER 00893naa a2200229 i 4500
001 acta9501
005 20211216105600.0
008 161015s1999 hu o 0|| eng d
022 |a 0866-028X 
040 |a SZTE Egyetemi Kiadványok Repozitórium  |b hun 
041 |a eng 
100 1 |a Garaczi Imre 
245 1 4 |a The philosophy of history as the play of the historic reason  |h [elektronikus dokumentum] /  |c  Garaczi Imre 
260 |c 1999 
300 |a 277-285 
490 0 |a Ész, élet, egzisztencia 
490 0 |a Európai integráció - európai filozófia : [nemzetközi konferencia, Szeged, 1998 szept. 17-18.] 
650 4 |a Bölcsészettudományok 
650 4 |a Filozófia, etika és vallástudományok 
695 |a Történetfilozófia 
710 |a Európai integráció - európai filozófia (1998) (Szeged) 
856 4 0 |u http://acta.bibl.u-szeged.hu/9501/1/esz_006_277-285.pdf  |z Dokumentum-elérés